Ekonomický slovník;
Gespeichert in:
| Format: | Buch |
|---|---|
| Sprache: | Slowakisch Russisch |
| Veröffentlicht: |
Bratislava
Pravda
1986
|
| Ausgabe: | 1. |
| Schlagworte: | |
| Online-Zugang: | Im OPAC anzeigen |
| Tags: |
Keine Tags, Fügen Sie das erste Tag hinzu!
|
MARC
| LEADER | 00000nam a2200000 a 4500 | ||
|---|---|---|---|
| 005 | 20260127134213.0 | ||
| 008 | 190307s1986 xo 000 0 slo | ||
| 035 | |a vtls008250513 | ||
| 035 | |a SVKPOKN061992 | ||
| 039 | 9 | |a 201903070918 |b VLOAD |c 200809221220 |d mschk03 |c 200508100424 |d VLOAD |y 200508090304 |z VLOAD | |
| 040 | |a SVKPOKN |b slo |c SVKPOKN |d SVKPO |d STUSCHK1 |e AACR2 | ||
| 041 | 0 | |a slo |h rus | |
| 044 | |a xo |c SK | ||
| 080 | |a 330(03) | ||
| 245 | 1 | 0 | |a Ekonomický slovník; |
| 250 | |a 1. | ||
| 260 | |a Bratislava |b Pravda |c 1986 | ||
| 300 | |a 466 str. | ||
| 653 | |a ekonómia-encyklopédie | ||
| 655 | 7 | |a encyklopédie |2 svkpo | |
| 910 | |a svkponkat | ||
| 910 | |a SCHK95 | ||
| 999 | |c 6608 |d 6608 | ||